Normal view
MARC view
Entry Topical Term
001 - CONTROL NUMBER
- control field: 21822
003 - CONTROL NUMBER IDENTIFIER
- control field: ARRUPE
005 - DATE AND TIME OF LATEST TRANSACTION
- control field: 20160126142749.0
008 - FIXED-LENGTH DATA ELEMENTS
- fixed length control field: 160126|| aca||aabn | a|a d
040 ## - CATALOGING SOURCE
- Original cataloging agency: ARRUPE
- Transcribing agency: ARRUPE
150 ## - HEADING--TOPICAL TERM
- Topical term or geographic name as entry element: Dry farming.
670 ## - SOURCE DATA FOUND
- Source citation: Work cat.: (ARRUPE)0: Macdonald, William, 1875-1935. 21821, Dry-farming, 1909.